000 00492nam a2200181Ia 4500
001 18394
005 20260306171627.0
008 260306s9999||||xx |||||||||||||| ||und||
041 _aESP
082 _a658.4038
_bD61
100 _aCantero Ojeda, Carlos
_eAUT
245 0 _aDesarrollo e implementación de la gestión del conocimiento en el parlamento de finlandia
260 _c2002
300 _a236 páginas :
_c25 cm.
650 _aGEN
654 _aCAN
942 _cLIB
_dJUS
_fJUS
_2ddc
_n
999 _c18394
_d18394